000 00412nam a2200145Ia 4500
008 230917s9999||||xx |||||||||||||| ||und||
040 _e76387
_aMAIN
041 _aEnglish
082 _a658.4092 B275T
100 _aBarrett, Jim
245 0 _aTotal leadership: How to inspire and motivate for personal and team effectiveness
260 _aNew Delhi
_bKogan Page
_c1999
300 _axvii, 284 p.
942 _cBK
999 _c102575
_d102575